Länder mit dem höchsten Grad an Fahrradfahrern - Statistiken

Allgemein
  • Dieses Quiz wurde 124 mal gespielt
  • Das Durchschnittsergebnis liegt bei 4 aus 10
Antwortstatistiken
Platz Antwort Anteil % Korrekt
1 Niederlande 99%
98%
2 Dänemark 81%
61%
3 Deutschland 75%
61%
4 Schweden 64%
36%
5 Norwegen 61%
34%
6 Finnland 60%
32%
9 Belgien 48%
30%
8 Schweiz 49%
20%
7 Japan 57%
19%
10 China 37%
12%
Keine übereinstimmenden Quizze gefunden
Verteilung der Resultate
Anzahl Personen mit jedem Resultat
Perzentil nach korrekt beantworteten Fragen
Ihre Resultats-Entwicklung
Sie haben dieses Quiz noch nicht gespielt